000 00934nam a2200241 a 4500
003 CBULib
005 20231106080504.0
008 110506s2010 ||||||||||||||||| || u
020 _a9789211128147
040 _aCBULib
_bEnglish
_cCBULib
_erda
041 _aeng
050 _aUNCTAD(02)2010/9
110 _aUnited Nations Conference on Trade and Development (UNCTAD)
245 1 0 _aMost-Favoured-Nation Treatment: UNCTAD Series on issues in International Investment Agreements II
_c/ by United Nations Conference on Trade and Development (UNCTAD)
260 _aNew York :
_bUnited Nations,
_c2010
300 _axi, 141pages : illustrations
336 _2rdacontent
_aText |
_btxt
337 _2rdamedia
_aUnmediated |
_bn
338 _2rdacarrier
_aVolume
_bnc
650 _aINTERNATIONAL TRADE--LAW AND LEGISLATION--BELARUS
942 _2mc
_c029
999 _c51705
_d51705